| 000 | 00487nam a22001817a 4500 | ||
|---|---|---|---|
| 005 | 20260601120209.0 | ||
| 008 | 260601b |||||||| |||| 00| 0 eng d | ||
| 020 | _a9781259919688 | ||
| 082 |
_a332.72 _bBRU-R |
||
| 100 |
_aBrueggeman, William B. _aFisher, Jeffrey D. |
||
| 245 | _aReal Estate Finance and Investments | ||
| 250 | _a16th Ed | ||
| 260 |
_aDubuque _bMcGraw-Hill Education, _c2018 |
||
| 300 | _a833 p. | ||
| 500 | _aIncludes index. | ||
| 650 | _aFinance | ||
| 942 | _cBK | ||
| 999 |
_c47627 _d47627 |
||